Normal view
MARC view
- Wren.P.C.etal.
Entry Personal Name
001 - CONTROL NUMBER
- control field: 2018
003 - CONTROL NUMBER IDENTIFIER
- control field: OSt
005 - DATE AND TIME OF LATEST TRANSACTION
- control field: 20161213092719.0
008 - FIXED-LENGTH DATA ELEMENTS
- fixed length control field: 161213|| aca||aabn | a|a d
040 ## - CATALOGING SOURCE
- Original cataloging agency: OSt
100 ## - HEADING--PERSONAL NAME
- Personal name: Wren.P.C.etal.